00511nam a2200109 a 4500041000800000100002800008111012500036245007700161260005300238300001500291773009500306 aspa aMontes Giraldo, Natalia aCurso Internacional de restauración ecológica de áreas degradadas por minería a cielo abiertocBogotád2008n2 aPapel de la fauna en la restauración ecológica de áreas degradadas aBogotábPontificia Universidad Javerianac2009 ap. 139-150 tRestauración ecológica de áreas degradadas por minería a cielo abierto en Colombia